[Event "GER-ch Net blitz qual4"]
[Site "Playchess.com INT"]
[Date "2021.05.10"]
[Round "9"]
[White "Daeuber, Andreas"]
[Black "Klueners, Juergen"]
[Result "0-1"]
[WhiteElo "1676"]
[BlackElo "1502"]
[PlyCount "92"]
[EventDate "2021.05.10"]
[EventType "swiss (blitz)"]
[EventRounds "11"]
[EventCountry "GER"]
[SourceTitle "CBM 202 Extra"]
[Source "ChessBase"]
[SourceDate "2021.07.31"]
[SourceVersion "1"]
[SourceVersionDate "2021.07.31"]
[SourceQuality "1"]

1. d4 d5 2. c4 e6 3. cxd5 exd5 4. Nc3 c5 5. e3 Nf6 6. Nf3 Nc6 7. Bb5 Bd6 8. dxc5 Bxc5 9. 0-0 0-0 10. a3 a6 11. Bd3 Bg4 12. h3 Bh5 13. Be2 Qd6 14. Qc2 Rfd8 15. Rd1 Rac8 16. Nxd5 Nxd5 17. Ng5 Bg6 18. e4 Nd4 19. Qd3 Nf4 20. Bxf4 Qxf4 21. Nf3 Nxf3+ 22. Qxf3 Qxf3 23. Bxf3 h6 24. Rac1 Rxd1+ 25. Rxd1 b6 26. b4 Bf8 27. Rd3 f5 28. e5 a5 29. bxa5 bxa5 30. a4 Bb4 31. e6 Kf8 32. Rd7 Be8 33. Rb7 Bd6 34. g3 Rc1+ 35. Kg2 Rc2 36. Bh5 Bxh5 37. Ra7 Bb4 38. Ra8+ Be8 39. g4 fxg4 40. hxg4 Bc5 41. Kh3 Bxf2 42. Rxa5 Rc3+ 43. Kg2 Bb6 44. Ra6 Bc5 45. a5 Ke7 46. Rc6 Bxc6+ 0-1

[Event "GER-ch Net blitz qual4"]
[Site "Playchess.com INT"]
[Date "2021.05.10"]
[Round "1"]
[White "Henrich, David"]
[Black "Klueners, Juergen"]
[Result "1/2-1/2"]
[WhiteElo "1909"]
[BlackElo "1502"]
[PlyCount "35"]
[EventDate "2021.05.10"]
[EventType "swiss (blitz)"]
[EventRounds "11"]
[EventCountry "GER"]
[SourceTitle "CBM 202 Extra"]
[Source "ChessBase"]
[SourceDate "2021.07.31"]
[SourceVersion "1"]
[SourceVersionDate "2021.07.31"]
[SourceQuality "1"]

1. c4 e6 2. g3 d5 3. Nf3 Nf6 4. Bg2 c5 5. cxd5 exd5 6. d4 Nc6 7. 0-0 Be7 8. Nc3 0-0 9. Bg5 c4 10. Ne5 Be6 11. Nxc6 bxc6 12. b3 Qa5 13. Bd2 Bb4 14. Qc2 Rfd8 15. bxc4 dxc4 16. e3 Rac8 17. a3 Bxc3 18. Bxc3 1/2-1/2

[Event "GER-ch Net blitz qual4"]
[Site "Playchess.com INT"]
[Date "2021.05.10"]
[Round "10"]
[White "Klueners, Juergen"]
[Black "Retzlaff, Wolfgang"]
[Result "1-0"]
[WhiteElo "1502"]
[BlackElo "1631"]
[PlyCount "81"]
[EventDate "2021.05.10"]
[EventType "swiss (blitz)"]
[EventRounds "11"]
[EventCountry "GER"]
[SourceTitle "CBM 202 Extra"]
[Source "ChessBase"]
[SourceDate "2021.07.31"]
[SourceVersion "1"]
[SourceVersionDate "2021.07.31"]
[SourceQuality "1"]

1. e4 c6 2. Nc3 d5 3. Nf3 dxe4 4. Nxe4 Bf5 5. Ng3 Bg6 6. h4 h6 7. Bc4 e6 8. Ne5 Bh7 9. Qh5 Qe7 10. d3 Nf6 11. Qe2 Nbd7 12. 0-0 Nxe5 13. Qxe5 Qd7 14. Bf4 Be7 15. Rfe1 0-0 16. Re2 Nd5 17. Bxd5 cxd5 18. Nh5 f6 19. Qxe6+ Qxe6 20. Rxe6 Bc5 21. Rae1 Bg6 22. Ng3 Rfe8 23. Rxe8+ Rxe8 24. Rxe8+ Bxe8 25. Be3 b6 26. Bxc5 bxc5 27. Nf5 Kf7 28. Nd6+ Ke7 29. Nxe8 Kxe8 30. f4 Ke7 31. Kf2 Ke6 32. Ke3 Kf5 33. Kf3 g5 34. g4+ Kg6 35. fxg5 hxg5 36. h5+ Kh6 37. a3 f5 38. b4 cxb4 39. axb4 fxg4+ 40. Kxg4 d4 41. b5 1-0

[Event "GER-ch Net blitz qual1"]
[Site "Playchess.com INT"]
[Date "2021.04.24"]
[Round "1"]
[White "Diehl, Mirko"]
[Black "Klueners, Juergen"]
[Result "1-0"]
[WhiteElo "1847"]
[BlackElo "1561"]
[PlyCount "33"]
[EventDate "2021.04.24"]
[EventType "swiss (blitz)"]
[EventRounds "11"]
[EventCountry "GER"]
[SourceTitle "CBM 202 Extra"]
[Source "ChessBase"]
[SourceDate "2021.07.31"]
[SourceVersion "1"]
[SourceVersionDate "2021.07.31"]
[SourceQuality "1"]

1. d4 d5 2. Bf4 c5 3. e3 Nc6 4. Nf3 e6 5. Nbd2 Bd6 6. Bg3 b6 7. c3 Bb7 8. Bd3 Rc8 9. Ne5 Bxe5 10. dxe5 f6 11. Qh5+ Kf8 12. Nf3 Qe8 13. Qh4 fxe5 14. Nxe5 Nxe5 15. Bxe5 Qe7 16. Qf4+ Nf6 17. Bd6 1-0

[Event "GER-ch Net Amateur Gr-A Vor2"]
[Site "Playchess.com INT"]
[Date "2020.04.15"]
[Round "9"]
[White "Bausch, Thomas"]
[Black "Klueners, Juergen"]
[Result "1-0"]
[WhiteElo "2013"]
[BlackElo "1694"]
[PlyCount "85"]
[EventDate "2020.04.15"]
[EventType "swiss (blitz)"]
[EventRounds "9"]
[EventCountry "GER"]
[SourceTitle "CBM 196 Extra"]
[Source "ChessBase"]
[SourceDate "2020.07.31"]
[SourceVersion "1"]
[SourceVersionDate "2020.07.31"]
[SourceQuality "1"]

1. e4 e5 2. Nf3 d5 3. exd5 Qxd5 4. Nc3 Qa5 5. Bc4 Be7 6. h3 Nf6 7. 0-0 0-0 8. Re1 Nc6 9. d4 exd4 10. Nxd4 Nxd4 11. Qxd4 Bc5 12. Qh4 Bb4 13. Bd2 Bf5 14. a3 Bd6 15. Ne4 Qe5 16. Nxf6+ Qxf6 17. Qxf6 gxf6 18. c3 Rfe8 19. Rxe8+ Rxe8 20. Re1 Rxe1+ 21. Bxe1 Kg7 22. Bd2 a6 23. Be3 b5 24. Bd5 Bc8 25. Kf1 Kf8 26. Ke2 Ke7 27. Be4 f5 28. Bd5 f6 29. Bc6 Ke6 30. g3 Be5 31. f4 Bd6 32. Kd3 Bd7 33. Bb7 a5 34. b3 b4 35. cxb4 Bb5+ 36. Kd2 axb4 37. a4 Bf1 38. a5 Bxh3 39. a6 c5 40. a7 c4 41. bxc4 b3 42. a8Q Bb4+ 43. Kc1 1-0

[Event "GER-ch Net Amateur Gr-A Vor2"]
[Site "Playchess.com INT"]
[Date "2020.04.15"]
[Round "5"]
[White "Klueners, Juergen"]
[Black "Gallasch, Jonas"]
[Result "0-1"]
[WhiteElo "1647"]
[BlackElo "2014"]
[PlyCount "38"]
[EventDate "2020.04.15"]
[EventType "swiss (blitz)"]
[EventRounds "9"]
[EventCountry "GER"]
[SourceTitle "CBM 196 Extra"]
[Source "ChessBase"]
[SourceDate "2020.07.31"]
[SourceVersion "1"]
[SourceVersionDate "2020.07.31"]
[SourceQuality "1"]

1. e4 c6 2. Nc3 d5 3. Nf3 Bg4 4. h3 Bxf3 5. Qxf3 e6 6. Be2 g6 7. 0-0 Bg7 8. d3 Nd7 9. Bf4 Ne7 10. exd5 exd5 11. Rfe1 0-0 12. Bg5 Re8 13. h4 h6 14. Bf4 Nf5 15. h5 Nd4 16. Qg3 g5 17. Be3 Nxc2 18. Rac1 Nxe1 19. Rxe1 d4 0-1

[Event "GER-ch Net Amateur Gr-A Vor2"]
[Site "Playchess.com INT"]
[Date "2020.04.15"]
[Round "8"]
[White "Klueners, Juergen"]
[Black "Wolf, Christoph"]
[Result "1-0"]
[WhiteElo "1666"]
[BlackElo "1946"]
[PlyCount "75"]
[EventDate "2020.04.15"]
[EventType "swiss (blitz)"]
[EventRounds "9"]
[EventCountry "GER"]
[SourceTitle "CBM 196 Extra"]
[Source "ChessBase"]
[SourceDate "2020.07.31"]
[SourceVersion "1"]
[SourceVersionDate "2020.07.31"]
[SourceQuality "1"]

1. e4 e6 2. d4 d5 3. exd5 exd5 4. Nf3 c5 5. Bb5+ Bd7 6. Bxd7+ Qxd7 7. 0-0 Nc6 8. Re1+ Be7 9. dxc5 0-0-0 10. Nc3 Bxc5 11. Ng5 Nf6 12. Na4 Bd6 13. h3 h6 14. Nf3 g5 15. b3 Ne4 16. Bb2 Rhg8 17. Nd4 g4 18. h4 g3 19. f3 Nf2 20. Qd2 Ne5 21. Qxh6 Rh8 22. Qf6 Ng6 23. Nf5 Bb4 24. Nxg3 Bxe1 25. Rxe1 b5 26. Nc5 Qc7 27. Nf5 Qxc5 28. Bd4 Qb4 29. Bxf2 Kb7 30. Qxf7+ Ka6 31. Qe6+ Ka5 32. Qf7 Ka6 33. Qxg6+ Ka5 34. Qf7 Ka6 35. Qe6+ Ka5 36. Qf7 Ka6 37. Re6+ Ka5 38. Qxa7# 1-0

[Event "GER-ch Net Amateur Gr-A Vor1"]
[Site "Playchess.com INT"]
[Date "2020.04.14"]
[Round "7"]
[White "Lohvinov, Petro"]
[Black "Klueners, Juergen"]
[Result "0-1"]
[WhiteElo "1659"]
[BlackElo "1614"]
[PlyCount "86"]
[EventDate "2020.04.14"]
[EventType "swiss (blitz)"]
[EventRounds "9"]
[EventCountry "GER"]
[SourceTitle "EXT 2021"]
[Source "ChessBase"]
[SourceDate "2020.10.23"]
[SourceVersion "1"]
[SourceVersionDate "2020.10.23"]
[SourceQuality "1"]

1. e4 e5 2. Nf3 d6 3. Bc4 Be7 4. d4 Nd7 5. dxe5 dxe5 6. Ng5 Nh6 7. Bxf7+ Nxf7 8. Ne6 Bb4+ 9. c3 Qe7 10. Nxc7+ Kf8 11. Nxa8 Ba5 12. b4 Bd8 13. Be3 b6 14. 0-0 Bb7 15. Nxb6 Bxb6 16. Bxb6 Nxb6 17. f3 g6 18. a4 Kg7 19. Na3 Rd8 20. Qe2 Qc7 21. Nb5 Qb8 22. a5 Nd7 23. Rfd1 a6 24. Na3 Nf6 25. Rxd8 Nxd8 26. Rd1 Ne6 27. Nc4 Nf4 28. Qf2 Qc7 29. Qc5 Qxc5+ 30. bxc5 Ne2+ 31. Kf2 Nxc3 32. Rc1 Nb5 33. Nxe5 Nd4 34. c6 Bc8 35. c7 Ne8 36. Ng4 Nb5 37. Ne5 Nexc7 38. Nc6 Bb7 39. Ne7 Ne6 40. Nd5 Ned4 41. Nb6 Nb3 42. Rb1 Nxa5 43. Rd1 Bc6 0-1

[Event "GER-ch Net Amateur Gr-A Vor1"]
[Site "Playchess.com INT"]
[Date "2020.04.14"]
[Round "9"]
[White "Ruprecht, Martin"]
[Black "Klueners, Juergen"]
[Result "1-0"]
[WhiteElo "1778"]
[BlackElo "1631"]
[PlyCount "171"]
[EventDate "2020.04.14"]
[EventType "swiss (blitz)"]
[EventRounds "9"]
[EventCountry "GER"]
[SourceTitle "EXT 2021"]
[Source "ChessBase"]
[SourceDate "2020.10.23"]
[SourceVersion "1"]
[SourceVersionDate "2020.10.23"]
[SourceQuality "1"]

1. d4 d5 2. c4 e6 3. Nc3 c5 4. dxc5 d4 5. Nb5 Bxc5 6. Nf3 Nc6 7. Bf4 Qa5+ 8. Bd2 Qb6 9. g3 a6 10. Na3 Qxb2 11. Nc2 Nf6 12. Bg2 0-0 13. 0-0 e5 14. Ng5 Bf5 15. Rc1 Qxa2 16. e4 dxe3 17. Bxe3 Bxe3 18. Nxe3 Bg6 19. Ra1 Qb2 20. Qa4 Qd4 21. Nf3 Qb6 22. Rfd1 Rad8 23. Nd5 Nxd5 24. cxd5 Nd4 25. Nxe5 Ne2+ 26. Kh1 Nc3 27. Qd4 Qxd4 28. Rxd4 Ne2 29. Rd2 Nc3 30. h4 h5 31. Rc1 Nb5 32. Rcd1 Nd6 33. f4 Be4 34. Bxe4 Nxe4 35. Rg2 Rd6 36. Kh2 Rfd8 37. Re2 Nf6 38. Red2 Rxd5 39. Rxd5 Rxd5 40. Rc1 g6 41. Rc8+ Kg7 42. Rc7 Ng4+ 43. Nxg4 hxg4 44. Rxb7 Rd2+ 45. Kg1 Ra2 46. Ra7 Ra3 47. Kf2 Kf6 48. Ra8 Kf5 49. Kg2 f6 50. Kf2 Ra2+ 51. Kf1 Ke4 52. Rc8 Kd3 53. Rf8 Ke3 54. Rxf6 Kf3 55. Ke1 Kxg3 56. Rxg6 Kxf4 57. h5 Rh2 58. h6 Ke3 59. Kf1 Kf3 60. Kg1 g3 61. Rxa6 Rb2 62. Ra3+ Kg4 63. h7 Rh2 64. Ra7 Rh6 65. Kg2 Kf4 66. Rf7+ Kg4 67. Rg7+ Kh4 68. Rxg3 Rxh7 69. Rh3+ Kg5 70. Rxh7 Kg6 71. Rh4 Kg5 72. Kg3 Kf5 73. Kf3 Kg5 74. Rg4+ Kf5 75. Rg8 Ke5 76. Rg5+ Kf6 77. Kf4 Ke6 78. Re5+ Kf6 79. Re4 Kg6 80. Re6+ Kf7 81. Kf5 Kg7 82. Re7+ Kf8 83. Kf6 Kg8 84. Rd7 Kh8 85. Kg6 Kg8 86. Rd8# 1-0

[Event "Moehnesee Cup 36th"]
[Site "Moehnesee"]
[Date "2010.08.27"]
[Round "3"]
[White "Torres Kuckel, Rafael"]
[Black "Klueners, Juergen"]
[Result "1/2-1/2"]
[WhiteElo "2274"]
[BlackElo "2148"]
[PlyCount "50"]
[EventDate "2010.08.26"]
[EventType "swiss"]
[EventRounds "7"]
[EventCountry "GER"]
[SourceTitle "EXT 2011"]
[Source "ChessBase"]
[SourceDate "2010.11.26"]
[SourceVersion "1"]
[SourceVersionDate "2010.11.26"]
[SourceQuality "1"]

1. e4 e5 2. Nf3 d6 3. d4 Nf6 4. Nc3 Nbd7 5. Bc4 Be7 6. 0-0 0-0 7. a4 c6 8. Qe2 Qc7 9. Bg5 b6 10. d5 c5 11. Nh4 a6 12. Nf5 Re8 13. Nxe7+ Rxe7 14. Rae1 Re8 15. Qf3 Kh8 16. Kh1 Rg8 17. Nd1 Rb8 18. Qd3 Qb7 19. f4 b5 20. Ba2 Ne8 21. fxe5 Nxe5 22. Qg3 Qc7 23. axb5 axb5 24. Bf4 Ra8 25. Bb3 f6 1/2-1/2

[Event "BL2-West 0910"]
[Site "Germany"]
[Date "2010.04.11"]
[Round "9.8"]
[White "Klueners, Juergen"]
[Black "Coenen, Michael"]
[Result "0-1"]
[WhiteElo "2153"]
[BlackElo "2273"]
[PlyCount "44"]
[EventDate "2009.10.18"]
[EventType "team-tourn"]
[EventRounds "9"]
[EventCountry "GER"]
[SourceTitle "EXT 2011"]
[Source "ChessBase"]
[SourceDate "2010.11.26"]
[SourceVersion "1"]
[SourceVersionDate "2010.11.26"]
[SourceQuality "1"]
[WhiteTeam "Gerresheim"]
[BlackTeam "Koeln Porz"]
[WhiteTeamCountry "GER"]
[BlackTeamCountry "GER"]

1. e4 e5 2. Nf3 Nc6 3. Nc3 Nf6 4. d4 exd4 5. Nxd4 Bb4 6. Nxc6 bxc6 7. Bd3 0-0 8. 0-0 d5 9. exd5 cxd5 10. Bg5 Be6 11. Qf3 Be7 12. Rfe1 Qd7 13. Ne2 h6 14. Bd2 Bg4 15. Qg3 Nh5 16. Qe3 Rfe8 17. Rad1 Bd6 18. Qd4 c5 19. Qc3 c4 20. Bxc4 dxc4 21. Qxc4 Rac8 22. Qd3 Bh3 0-1

[Event "Hessen-ch M"]
[Site "Moerlenbach"]
[Date "2004.04.08"]
[Round "9"]
[White "Felczer, Kevin"]
[Black "Klueners, Juergen"]
[Result "1-0"]
[WhiteElo "2243"]
[BlackElo "2194"]
[PlyCount "109"]
[EventDate "2004.04.18"]
[EventType "tourn"]
[EventRounds "11"]
[EventCountry "GER"]
[SourceTitle "EXT 2005"]
[Source "ChessBase"]
[SourceDate "2004.11.15"]
[SourceVersion "1"]
[SourceVersionDate "2004.11.15"]
[SourceQuality "1"]

1. e4 e5 2. Nf3 d6 3. d4 Nf6 4. Nc3 Nbd7 5. Bc4 Be7 6. 0-0 0-0 7. Re1 c6 8. a4 b6 9. d5 c5 10. a5 bxa5 11. Nd2 Nb6 12. Bb5 Bg4 13. f3 Bd7 14. Qe2 Nh5 15. Bxd7 Nxd7 16. Nc4 Nf4 17. Qf1 f5 18. g3 Ng6 19. Rxa5 fxe4 20. Nxe4 Nb6 21. Ra3 Qc7 22. Rd1 Nxc4 23. Qxc4 Rab8 24. Kg2 Rb6 25. Ra4 Rfb8 26. Rd3 Rb4 27. Qa6 Rd4 28. Qxa7 Qxa7 29. Rxa7 Rxd3 30. cxd3 Rb3 31. Ra3 Rb6 32. Kf2 h6 33. Ra7 Kf7 34. Ke2 Ke8 35. Kd1 Bf8 36. g4 Ne7 37. Nc3 Rb4 38. Kc2 Rb6 39. f4 Ng6 40. f5 Ne7 41. Be3 h5 42. h3 hxg4 43. hxg4 Rb4 44. Ne4 Nxd5 45. Bd2 Rb6 46. Ng5 Be7 47. Ra8+ Kd7 48. Ne6 Nb4+ 49. Bxb4 Rxb4 50. g5 Rg4 51. Ra7+ Ke8 52. Nxg7+ Kf7 53. f6 Rxg5 54. fxe7 Rxg7 55. e8Q+ 1-0

[Event "Hessen-ch M"]
[Site "Moerlenbach"]
[Date "2004.04.07"]
[Round "8"]
[White "Klueners, Juergen"]
[Black "Solonar, Stefan"]
[Result "1/2-1/2"]
[WhiteElo "2194"]
[BlackElo "2385"]
[PlyCount "36"]
[EventDate "2004.04.18"]
[EventType "tourn"]
[EventRounds "11"]
[EventCountry "GER"]
[SourceTitle "EXT 2005"]
[Source "ChessBase"]
[SourceDate "2004.11.15"]
[SourceVersion "1"]
[SourceVersionDate "2004.11.15"]
[SourceQuality "1"]

1. e4 d6 2. d4 Nf6 3. Nc3 c6 4. f4 Qa5 5. Bd3 e5 6. Nge2 Be7 7. Be3 b5 8. 0-0 Ng4 9. Qd2 Nxe3 10. Qxe3 0-0 11. Kh1 Na6 12. Ng1 exd4 13. Qxd4 b4 14. Nce2 Bf6 15. Qxd6 Rd8 16. Qxc6 Rb8 17. e5 Bb7 18. Qc4 Be7 1/2-1/2

[Event "Hessen-ch M"]
[Site "Moerlenbach"]
[Date "2004.04.03"]
[Round "4"]
[White "Klueners, Juergen"]
[Black "Heck, Norbert"]
[Result "0-1"]
[WhiteElo "2194"]
[BlackElo "2308"]
[PlyCount "88"]
[EventDate "2004.04.18"]
[EventType "tourn"]
[EventRounds "11"]
[EventCountry "GER"]
[SourceTitle "EXT 2005"]
[Source "ChessBase"]
[SourceDate "2004.11.15"]
[SourceVersion "1"]
[SourceVersionDate "2004.11.15"]
[SourceQuality "1"]

1. e4 d6 2. d4 Nf6 3. Nc3 g6 4. Nf3 Bg7 5. Be2 0-0 6. h3 c6 7. a4 a5 8. 0-0 Na6 9. Be3 Nb4 10. Qd2 d5 11. e5 Ne8 12. Ne1 f6 13. f4 Nc7 14. Na2 Nxa2 15. Rxa2 Ne6 16. Nf3 Bh6 17. c3 b6 18. Kh1 f5 19. b3 Ba6 20. Bxa6 Rxa6 21. Ne1 c5 22. g3 Qd7 23. Qd3 Raa8 24. Rd2 Qc6 25. Kg1 Rad8 26. h4 Nc7 27. Nc2 c4 28. bxc4 dxc4 29. Qe2 Qxa4 30. Rb1 Nd5 31. Ra1 Qc6 32. Na3 Rc8 33. Rc2 e6 34. Bd2 Rf7 35. Rb2 Bf8 36. Nb5 Bb4 37. Rxb4 axb4 38. Nd6 bxc3 39. Nxf7 Kxf7 40. Bc1 b5 41. h5 Ra8 42. hxg6+ hxg6 43. Rxa8 Qxa8 44. Qh2 Kg7 0-1

[Event "Hessenliga 0304"]
[Site "Germany"]
[Date "2004.02.29"]
[Round "7.2"]
[White "Feldtmann, Thomas"]
[Black "Klueners, Juergen"]
[Result "1-0"]
[WhiteElo "2190"]
[BlackElo "2167"]
[PlyCount "125"]
[EventDate "2003.10.??"]
[EventType "team"]
[EventRounds "9"]
[EventCountry "GER"]
[SourceTitle "EXT 2005"]
[Source "ChessBase"]
[SourceDate "2004.11.15"]
[SourceVersion "1"]
[SourceVersionDate "2004.11.15"]
[SourceQuality "1"]
[WhiteTeam "Marburg"]
[BlackTeam "Baunatal"]
[WhiteTeamCountry "GER"]
[BlackTeamCountry "GER"]

1. c4 e6 2. Nc3 d5 3. d4 c5 4. cxd5 exd5 5. Nf3 Nc6 6. e3 Nf6 7. Bb5 a6 8. Bxc6+ bxc6 9. Qc2 Bd6 10. 0-0 0-0 11. dxc5 Bxc5 12. e4 dxe4 13. Nxe4 Nxe4 14. Qxe4 Qd5 15. Qxd5 cxd5 16. Rd1 Bb7 17. b4 Bb6 18. Bb2 Rac8 19. Bd4 Bxd4 20. Nxd4 Rfe8 21. Rd3 Rc4 22. a3 Re5 23. Rad1 Kf8 24. Kf1 Ke7 25. Re1 Rxe1+ 26. Kxe1 g6 27. Kd2 Kd6 28. g3 Bc8 29. Ne2 Bf5 30. Rc3 Rxc3 31. Kxc3 Ke5 32. Nd4 Bd7 33. Kd3 h6 34. Nf3+ Kd6 35. Kd4 f6 36. Ne1 g5 37. Nd3 Bb5 38. Nc5 Bc4 39. a4 Bf1 40. Nb7+ Kc7 41. Nc5 Kd6 42. Nd3 Bh3 43. f4 Bd7 44. Nc5 Bc6 45. Nxa6 Bxa4 46. Nc5 Be8 47. Nd3 Kc6 48. Nf2 Bd7 49. Nd1 Kd6 50. Ne3 Be6 51. b5 h5 52. h4 gxf4 53. gxf4 Bd7 54. Nxd5 Bxb5 55. Nxf6 Be2 56. f5 Bd1 57. Ne4+ Ke7 58. Ke5 Kf7 59. Ng5+ Kf8 60. Kf6 Bg4 61. Kg6 Kg8 62. f6 Kh8 63. f7 1-0

[Event "Hessenliga 0304"]
[Site "Germany"]
[Date "2004.02.08"]
[Round "6.3"]
[White "Uhl, Michael"]
[Black "Klueners, Juergen"]
[Result "1-0"]
[WhiteElo "2137"]
[BlackElo "2167"]
[PlyCount "64"]
[EventDate "2003.10.??"]
[EventType "team"]
[EventRounds "9"]
[EventCountry "GER"]
[SourceTitle "EXT 2005"]
[Source "ChessBase"]
[SourceDate "2004.11.15"]
[SourceVersion "1"]
[SourceVersionDate "2004.11.15"]
[SourceQuality "1"]
[WhiteTeam "Bensheim"]
[BlackTeam "Baunatal"]
[WhiteTeamCountry "GER"]
[BlackTeamCountry "GER"]

1. e4 e5 2. f4 Bc5 3. Nf3 d6 4. Nc3 Nf6 5. Bc4 Nc6 6. d3 a6 7. Ng5 0-0 8. f5 b5 9. Bxf7+ Rxf7 10. Nxf7 Kxf7 11. g4 b4 12. Na4 Nd7 13. h4 Ba7 14. g5 Nf8 15. Bd2 d5 16. Qh5+ Kg8 17. 0-0-0 dxe4 18. dxe4 Qd4 19. f6 Qxe4 20. fxg7 Ng6 21. Rde1 Qc4 22. b3 Qf7 23. Rhf1 Qxg7 24. Rf6 Bd7 25. Qf3 Rf8 26. Qd5+ Kh8 27. Ref1 Rxf6 28. gxf6 Qf8 29. Qxd7 Nd4 30. h5 Nf4 31. Bxf4 exf4 32. Qe7 Qh6 1-0

[Event "Hessen-chB"]
[Site "Kaufungen"]
[Date "2003.04.16"]
[Round "8"]
[White "Klueners, Juergen"]
[Black "Drill, Frank J"]
[Result "1-0"]
[WhiteElo "2173"]
[BlackElo "2210"]
[PlyCount "117"]
[EventDate "2003.04.11"]
[EventType "swiss"]
[EventRounds "11"]
[EventCountry "GER"]
[SourceTitle "EXT 2004"]
[Source "ChessBase"]
[SourceDate "2003.11.25"]
[SourceVersion "1"]
[SourceVersionDate "2003.11.25"]
[SourceQuality "1"]

1. e4 c5 2. c3 d5 3. exd5 Qxd5 4. d4 Nf6 5. Nf3 Nc6 6. dxc5 Qxd1+ 7. Kxd1 e5 8. b4 Bf5 9. Be3 Nd5 10. Bc4 Nxe3+ 11. fxe3 a5 12. b5 Nd8 13. c6 bxc6 14. Nxe5 f6 15. Nf3 cxb5 16. Bxb5+ Kf7 17. Nbd2 Rc8 18. e4 Be6 19. c4 Ba3 20. Rb1 Rc7 21. Rf1 Ke7 22. Rb3 Bb4 23. a3 Bc5 24. e5 Nf7 25. exf6+ gxf6 26. Ne4 Rd8+ 27. Ke1 Bd4 28. Nxd4 Rxd4 29. Nxf6 Ne5 30. Nd5+ Bxd5 31. cxd5 Rxd5 32. a4 Rc1+ 33. Kf2 Rc2+ 34. Kg3 Rdd2 35. Rg1 Kd6 36. h3 Rf2 37. Re3 Rcd2 38. Rc3 Kd5 39. Rc8 Rf6 40. Rd8+ Rd6 41. Rxd6+ Kxd6 42. Rc1 Rd4 43. Rc8 Rb4 44. Ra8 Rb3+ 45. Kh2 Rb2 46. Rxa5 Nf3+ 47. Kg3 Ne1 48. Ra6+ Ke5 49. Bc6 Kf5 50. Ra5+ Kf6 51. Rc5 Rb3+ 52. Kh2 Ra3 53. Rh5 Kg6 54. Re5 Ra1 55. a5 Kf6 56. Re4 Nxg2 57. Ra4 Rxa4 58. Bxa4 Nf4 59. Bb5 1-0

[Event "Hessen-chB"]
[Site "Kaufungen"]
[Date "2003.04.15"]
[Round "7"]
[White "Klueners, Juergen"]
[Black "Rother, Ulrich"]
[Result "1-0"]
[WhiteElo "2173"]
[BlackElo "2087"]
[PlyCount "119"]
[EventDate "2003.04.11"]
[EventType "swiss"]
[EventRounds "11"]
[EventCountry "GER"]
[SourceTitle "EXT 2004"]
[Source "ChessBase"]
[SourceDate "2003.11.25"]
[SourceVersion "1"]
[SourceVersionDate "2003.11.25"]
[SourceQuality "1"]

1. e4 Nc6 2. Nf3 d5 3. exd5 Nb4 4. Bb5+ Bd7 5. Bc4 Nf6 6. Nc3 Bf5 7. d3 Nbxd5 8. Nxd5 Nxd5 9. 0-0 e6 10. Re1 Be7 11. d4 0-0 12. c3 Bg4 13. Bd3 Bd6 14. h3 Bh5 15. Bb1 Bf4 16. Be4 Bxc1 17. Rxc1 Nf6 18. Bb1 Qd5 19. Re3 Rfd8 20. Qe1 Bxf3 21. Rxf3 c5 22. dxc5 Qxc5 23. Rd1 Rd5 24. Rxd5 Qxd5 25. b3 Re8 26. Rd3 Qc5 27. b4 Qc7 28. Bc2 Rd8 29. Qd2 Rxd3 30. Qxd3 Qd7 31. Qxd7 Nxd7 32. Be4 b6 33. Kf1 Nf6 34. Bf3 e5 35. Bc6 Kf8 36. Ke2 Ke7 37. Kd3 Kd6 38. Bf3 Ng8 39. g3 f5 40. Bd1 Nf6 41. c4 g5 42. a3 Ne4 43. Ke3 Ke6 44. g4 Nf6 45. gxf5+ Kxf5 46. Bg4+ Kg6 47. Be6 Ne8 48. Ke4 Kf6 49. Bg4 Nc7 50. Be2 Ne6 51. Bg4 Nf4 52. c5 bxc5 53. bxc5 Ke7 54. Kxe5 Nd3+ 55. Kd5 h5 56. Bf5 Nxf2 57. c6 g4 58. c7 g3 59. c8Q g2 60. Qc5+ 1-0

[Event "Hessen-chB"]
[Site "Kaufungen"]
[Date "2003.04.12"]
[Round "3"]
[White "Klueners, Juergen"]
[Black "Blum, Ralph"]
[Result "0-1"]
[WhiteElo "2173"]
[BlackElo "2115"]
[PlyCount "66"]
[EventDate "2003.04.11"]
[EventType "swiss"]
[EventRounds "11"]
[EventCountry "GER"]
[SourceTitle "EXT 2004"]
[Source "ChessBase"]
[SourceDate "2003.11.25"]
[SourceVersion "1"]
[SourceVersionDate "2003.11.25"]
[SourceQuality "1"]

1. e4 e6 2. Nf3 d5 3. Nc3 Nf6 4. e5 Nfd7 5. d4 c5 6. dxc5 Bxc5 7. Bd3 Nc6 8. Bf4 a6 9. 0-0 f6 10. exf6 Nxf6 11. Ne5 0-0 12. a3 Bd7 13. Nxc6 Bxc6 14. Qe2 Qd7 15. Be5 Rae8 16. Rae1 b5 17. b4 Bb6 18. Kh1 Rc8 19. f4 d4 20. Bxf6 Rxf6 21. Ne4 Bxe4 22. Bxe4 Rc3 23. Rf3 Rxf3 24. Bxf3 Bc7 25. g3 e5 26. fxe5 Bxe5 27. Qe4 Bc7 28. Qa8+ Bd8 29. Re5 Rf8 30. Bd5+ Kh8 31. Bg2 d3 32. cxd3 Qxd3 33. Qe4 Rf1+ 0-1

[Event "Bad Zwesten op 7th"]
[Site "Bad Zwesten"]
[Date "2003.??.??"]
[Round "2"]
[White "Klueners, Juergen"]
[Black "Gutman, Lev"]
[Result "0-1"]
[WhiteElo "2173"]
[BlackElo "2476"]
[PlyCount "75"]
[EventDate "2003.01.02"]
[EventType "swiss"]
[EventRounds "9"]
[EventCountry "GER"]
[SourceTitle "CBM 092 Extra"]
[Source "ChessBase"]
[SourceDate "2003.03.07"]
[SourceVersion "1"]
[SourceVersionDate "2003.03.07"]
[SourceQuality "1"]

1. e4 c5 2. c3 d5 3. exd5 Qxd5 4. d4 Nf6 5. Nf3 g6 6. Be2 Bg7 7. dxc5 Qxc5 8. Be3 Qc7 9. Na3 Nc6 10. Nb5 Qb8 11. Nbd4 0-0 12. Nxc6 bxc6 13. Qc1 Nd5 14. Bd2 a5 15. 0-0 a4 16. Nd4 Qb6 17. Bf3 Rb8 18. Bh6 Bxh6 19. Qxh6 e5 20. Ne2 Qxb2 21. c4 Nf6 22. Ng3 Qd4 23. Bxc6 Qxc4 24. Rfc1 Qd4 25. Rd1 Qxf2+ 26. Kxf2 Ng4+ 27. Ke1 Nxh6 28. Bxa4 Be6 29. Bc6 Rfc8 30. Bf3 f5 31. a4 Nf7 32. Rd2 Ng5 33. Bd1 f4 34. h4 Nf7 35. Ne4 Rb4 36. Nd6 Ra8 37. Nxf7 Kxf7 38. a5 0-1